000
00305nam a2200133Ia 4500
005
20241123111745.0
008
241122s9999||||xx |||||||||||||| ||und||
041
_a
English
082
_a
430
_b
HAU
245
0
_a
Sptachkus deutsch neufassung 1
260
_b
Goyl Saab
_c
1997
300
_a
296p
942
_c
BK
999
_c
10138
_d
10138